Province affacciate sul Mar Mediterraneo in senso orario - Statistics

Statistiche generali
  • Questo quiz è stato fatto 19 volte
  • Il punteggio medio è 44 su 48
Statistiche sulle risposte
Regione Provincia % Corretto
Friuli-Venezia Giulia Ente di decentramento regionale di Trieste
100%
Veneto Provincia di Venezia
100%
Puglia Città metropolitana di Bari
92%
Liguria Città metropolitana di Genova
92%
Campania Città metropolitana di Napoli
92%
Lazio Città metropolitana di Roma
92%
Friuli-Venezia Giulia Ente di decentramento regionale di Gorizia
92%
Marche Provincia di Ancona
92%
Puglia Provincia di Barletta-Andria-Trani
92%
Puglia Provincia di Brindisi
92%
Molise Provincia di Campobasso
92%
Campania Provincia di Caserta
92%
Calabria Provincia di Catanzaro
92%
Abruzzo Provincia di Chieti
92%
Calabria Provincia di Cosenza
92%
Calabria Provincia di Crotone
92%
Marche Provincia di Fermo
92%
Emilia-Romagna Provincia di Ferrara
92%
Puglia Provincia di Foggia
92%
Emilia-Romagna Provincia di Forlì-Cesena
92%
Toscana Provincia di Grosseto
92%
Liguria Provincia di Imperia
92%
Lazio Provincia di Latina
92%
Puglia Provincia di Lecce
92%
Toscana Provincia di Livorno
92%
Toscana Provincia di Lucca
92%
Marche Provincia di Macerata
92%
Toscana Provincia di Massa-Carrara
92%
Basilicata Provincia di Matera
92%
Marche Provincia di Pesaro e Urbino
92%
Abruzzo Provincia di Pescara
92%
Toscana Provincia di Pisa
92%
Basilicata Provincia di Potenza
92%
Emilia-Romagna Provincia di Ravenna
92%
Emilia-Romagna Provincia di Rimini
92%
Veneto Provincia di Rovigo
92%
Campania Provincia di Salerno
92%
Liguria Provincia di Savona
92%
Puglia Provincia di Taranto
92%
Abruzzo Provincia di Teramo
92%
Lazio Provincia di Viterbo
92%
Calabria Città metropolitana di Reggio Calabria
85%
Friuli-Venezia Giulia Ente di decentramento regionale di Udine
85%
Liguria Provincia della Spezia
85%
Marche Provincia di Ascoli Piceno
85%
Calabria Provincia di Vibo Valentia
85%
Calabria Provincia di Catanzaro
77%
Calabria Provincia di Cosenza
77%
Nessun quiz corrispondente trovato
Distribuzione punteggi
Percentuale di utenti per punteggio
Percentile per numero di risposta
I tuoi punteggi nel tempo
Non hai fatto questo quiz